00325nam a2200121Ia 4500008004100000041000800041082001400049100001400063245004500077260003800122300003200160365001100192240624s9999 xx 000 0 und d aeng a338.7 QIA aQIAD GINA aLENOVO WAY MANAGING A DIVERSE GLOBAL COM c2014aNew DelhibTata McGraw-Hill axxxi, : 234 : p. : cm. ; 26 cRSb33